MDQL
is popping MORE tags! Check the
thread
!
Quizzes
Events
Quiz Creation
Community
Videos
Private Events
Remove Ads
Sign In
Join for FREE
Feedback
Dark Mode
Quiz Categories
Sports
Geography
Music
Movies
Television
Just For Fun
Miscellaneous
History
Literature
Language
Science
Gaming
Entertainment
Religion
Holiday
For Kids
Quiz Lab
Recent
Popular Today
Quiz Kudos Today
Editor Picks
Curator Picks
Quizzes by...
Day
Popularity
Type
Ratings
Length
Year
Community
Subscriptions
Recent Discussions
Orange Saloon
Badges
Playlists
Quests
Create
Leaderboards
Showdown
Live 5
Trivia Bingo
Activity
Puzzle Library
Sporcle Events
Private Events
Virtual Trivia
Globe League
Become a Host
Pub Owners
SporcleCon
Opinionation
Our Games
Videos
Blog
Mobile Apps
Partnerships
Remove Ads and Go Orange
Feedback
Sports
Athletes
MLB
NBA
NHL
NFL
Soccer
Sports Teams
WWE
NCAA
Football
Premier League
Basketball
Baseball
Hockey
Golf
Tennis
Cricket
Rugby
Auto Racing
Olympics
World Cup
Sports
Athletes
MLB
NBA
NHL
NFL
Soccer
Sports Teams
WWE
NCAA
Football
Premier League
Basketball
Baseball
Hockey
Golf
Tennis
Cricket
Rugby
Auto Racing
Olympics
World Cup
Random Quiz
Search Sporcle
×
Quiz Lab
Quiz Lab
Sports
NBA
Type in answers that appear in a list
Type in answers that appear in a list
Classic
Best Score? Go Orange.
Can You Name the Stadiums of These NBA Teams 2013-14? Stats
Can you name the Can You Name the Stadiums of These NBA Teams 2013-14?
By
sportsfan86
8m
30 Questions
34 Plays
34 Plays
34 Plays
Comments
Comments
Give Quiz Kudos
Give Quiz Kudos
-
- Ratings
hide this ad
Replay
Link that replays current quiz
Next Quiz
Link to next quiz in quiz playlist
You Got
0%
They Got
Avg Score
50%
Avg Friend Score
Upgrade to see
Score Distribution
Jump to the score distribution portion of the page
Score
0/30
Timer
08:00
0
Plays Today
Hint
Answer
% Correct
Chicago Bulls
United Center
79.4%
Miami Heat
American Airlines Arena
76.5%
Los Angeles Lakers
Staples Center
73.5%
Los Angeles Clippers
Staples Center
73.5%
Boston Celtics
T.D Garden
70.6%
Cleveland Cavaliers
Quicken Loans Arena
67.6%
Dallas Mavericks
American Airlines Center
67.6%
Houston Rockets
Toyota Center
64.7%
Denver Nuggets
Pepsi Center
61.8%
Brooklyn Nets
Barclays Center
61.8%
Golden State Warriors
Oracle Arena
58.8%
Indiana Pacers
Bankerslife Fieldhouse
55.9%
Minnesota Timberwolves
Target Center
55.9%
Washington Wizards
Verizon Center
52.9%
Detroit Pistons
The Palace
50%
Hint
Answer
% Correct
Orlando Magic
Amway Center
50%
San Antonio Spurs
AT&T Center
50%
Toronto Raptors
Air Canada Centre
50%
Memphis Grizzlies
FedEx Forum
47.1%
Utah Jazz
Energy Solutions Arena
44.1%
Atlanta Hawks
Phillips Arena
41.2%
Philadelphia 76ers
Wells Fargo Center
41.2%
Charlotte Bobcats
Time Warner Cable Arena
38.2%
Oklahoma City Thunder
Chesapeake Energy Arena
35.3%
New Orleans Pelicans
Smoothie King Center
32.4%
Phoenix Suns
U.S Airways Center
32.4%
Sacramento Kings
Sleep Train Arena
29.4%
Milwaukee Bucks
BMO Harris Bradley Center
23.5%
Portland Trail Blazers
Moda Center
23.5%
New York Knicks
0%
Quiz Playlist
Details
Report
Send in Message
Add To Playlist
Classic:
Type in answers that appear in a list
Last Updated: Feb 16, 2017
Quiz Scoreboard
CHALLENGE
Sign Up to Join the Scoreboard
Show All
Scores
Hide
Comments
May contain spoilers
Recently Published
Street Fighter Characters
by Artimus82
Gaming
60s
9x9 Crossword: Cartoon Network
by jackfrog10
Miscellaneous
3m
College Basketball Coaching Resumes
by pancakes188
Sports
9m
More to Explore
Quiz From the Vault
Featured Blog Post
Where Did the Easter Bunny Come From?
hide this ad
You Might Also Like...
Tags
Basketball Quiz
NBA Quiz
NBA Teams
Stadiums
team
Today's Top Quizzes in Sports
Browse Sports
hide this ad
Today's Top Quizzes in NBA
Browse NBA
Top Contributed Quizzes in Sports
1
2022 World Cup Stars
2
Les meilleurs buteurs des matchs entre le PSG et l’OM
3
FIFA Club World Cup Champions
4
Les entraîneurs de l'OM et du PSG au 21e siècle
5
Criteria MLB: Left Handed Sluggers
6
2023 MLB Unique Player Accomplishments
7
AFC Teams Reveal (Wrong Answers Minefield)
8
Players with Multiple 50 Home Run Seasons
9
5-to-1: FBS Animal Nicknames
10
5-to-1: UK Sports Teams
Explore More
Trending Topics
Kpop
Anime
Disney
Crossword
NBA
Marvel
Harry Potter
The Office
Pokémon
WWE
Puzzle
Soccer
Country
NFL
Song
hide this ad
More By:
sportsfan86
Quiz
Plays
Rating
Category
Featured
Created
NBA Players Based On Their Nickname
290
2.00
Sports
Mar 27, 2014
MLB Primary Players by Team 2014
133
1.75
Sports
Apr 1, 2014
MLB Primary Catchers 2014
115
1.00
Sports
Mar 31, 2014
NFL Primary Receivers On Each Team
112
1.09
Sports
Mar 18, 2014
What college or No College
88
1.67
Sports
Apr 24, 2014
Go to Creator's Profile
Score Distribution
Quiz Creator Spotlight
sportsfan86
Follow
Send a Message
Quizzes Created
-
Created Quiz Play Count
-
More By This Creator
Popular Quizzes Today
1
Find the US States - No Outlines Minefield
2
Find the Countries of Europe - No Outlines Minefield
3
The Countries of the World
4
Find the US States
5
Risky Map Clicking: Biggest States A-Z
6
US States
7
Popular People in 1961
8
Movies - When Are They Set?
More Sports Quizzes
Big 4 Champions on New York State Soil
Quiz Lab
Trending Quizzes
Risky Map Clicking: Least Populous States A-Z
Countries of the World: 200 Million BC
1-10 Letter G Words
Risky Map Clicking: Next State Alphabetically
Adjectives in 80s TV Shows
Recently Updated
Leaping Animals
pecheneg
Reality TV Shows (A-Z)
bhenderson79
Rickey Henderson's Hall of Fame Teammates
pecheneg
Champions League XIs: Arsenal
pecheneg
Quick Pick: Celebrities in WWE's Hall of Fame
aduchscher
A-Z Keypad Blitz II
pecheneg
Multiple Oscar Actors
pecheneg
Mystery Phrase Blitz: Oscar 'Best Actors'
pecheneg
F. Scott Fitzgerald Novels
LTH
Pick 3 Villains
ddd62291
Trending Topics
Kpop
Anime
NBA
Harry Potter
Disney
Crossword
Marvel
Song
NFL
Country
Puzzle
WWE
The Office
Soccer
Pokémon
Your Account Isn't Verified!
In order to create a playlist on Sporcle, you need to verify the email address you used during registration. Go to your
Sporcle Settings
to finish the process.
Report this User
Report this user for behavior that violates our
Community Guidelines
.
Details:
Send Report
Go to the Sporcle.com Mobile Site →
Comments